000 nam a22 7a 4500
999 _c8960
_d8960
005 20200402030127.0
008 200402b xxu||||| |||| 00| 0 eng d
020 _a9780062306937
_bhard bound
040 _beng
_cAPEC Schools Library
_erda
082 _aFic
_bR897y 2017
100 _aRuby, Laura
245 _aYork /
_cLaura Ruby
264 _aNew York, NY :
_bHarperCollins,
_c©2017.
300 _a476 pages ;
336 _2rdacontent
_atext
337 _2rdamedia
_aunmediated
338 _2rdacarrier
_avolume
942 _2ddc
_cFIC